[Event "World Rapid 2015"]
[Site "Berlin GER"]
[Date "2015.10.12"]
[Round "13.46"]
[White "Ghaem Maghami, Ehsan"]
[Black "Bluebaum, Matthias"]
[Result "1/2-1/2"]
[WhiteElo "2596"]
[BlackElo "2588"]
[PlyCount "113"]
[EventDate "2015.10.10"]
[EventType "rapid"]

1. e4 e6 2. d4 d5 3. Nd2 Nf6 4. e5 Nfd7 5. Bd3 c5 6. c3 Nc6 7. Ndf3 cxd4 8.
cxd4 f6 9. exf6 Nxf6 10. Ne2 Bd6 11. O-O O-O 12. Bf4 Bxf4 13. Nxf4 Ng4 14. Qd2
Qf6 15. Ne2 e5 16. dxe5 Ncxe5 17. Nxe5 Nxe5 18. Nd4 Qf4 19. Rad1 Bg4 20. Qxf4
Rxf4 21. f3 Bd7 22. Bb5 Nc6 23. Bxc6 bxc6 24. Rfe1 Kf7 25. Re3 Rb8 26. b3 Rb4
27. Red3 Ke7 28. Kf2 Kd6 29. a3 Rb8 30. b4 a5 31. b5 c5 32. Ne2 Rf5 33. Ng3 d4
34. a4 Re5 35. Ne2 Bf5 36. R3d2 g5 37. Rc1 Be6 38. h3 Rf8 39. Nxd4 cxd4 40.
Rxd4+ Ke7 41. Rc7+ Kf6 42. Rxh7 Rc8 43. h4 Rc2+ 44. Kg3 gxh4+ 45. Rhxh4 Rg5+
46. Kf4 Rgxg2 47. Rh6+ Rg6 48. Rxg6+ Kxg6 49. Ke5 Bb3 50. b6 Rb2 51. Kd6 Bxa4
52. Rxa4 Rxb6+ 53. Kc5 Rf6 54. Rxa5 Rf5+ 55. Kb4 Rxa5 56. Kxa5 Kf5 57. Kb4
1/2-1/2

[Event "World Rapid 2015"]
[Site "Berlin GER"]
[Date "2015.10.12"]
[Round "13.47"]
[White "Zhang, Zhong"]
[Black "Ponomariov, Ruslan"]
[Result "1-0"]
[WhiteElo "2619"]
[BlackElo "2710"]
[PlyCount "219"]
[EventDate "2015.10.10"]
[EventType "rapid"]

1. Nf3 c5 2. c4 Nc6 3. d4 cxd4 4. Nxd4 e6 5. Nc3 Nf6 6. Bf4 d5 7. e3 Bb4 8. Be2
dxc4 9. Nxc6 Qxd1+ 10. Rxd1 bxc6 11. Be5 Nd5 12. e4 Nxc3 13. bxc3 f6 14. Bxf6
gxf6 15. cxb4 a5 16. bxa5 c3 17. Rc1 Rxa5 18. Rxc3 Rxa2 19. Rxc6 Ke7 20. Rc1
Rb2 21. Bc4 Bb7 22. O-O Bxe4 23. Rfe1 Bf5 24. Bxe6 Bxe6 25. Rc6 Kf7 26. Rcxe6
Rhb8 27. Re7+ Kg6 28. g3 Rb1 29. Rxb1 Rxb1+ 30. Kg2 h5 31. Kh3 Rb2 32. f3 Rf2
33. Re3 Kg5 34. Ra3 Kg6 35. Rb3 Kg5 36. Rb5+ Kg6 37. f4 Ra2 38. Rb8 Rc2 39. Rh8
Ra2 40. Rb8 Rc2 41. Rb1 h4 42. g4 Rf2 43. Rb4 Kh6 44. Rb6 Rxf4 45. Kxh4 Kg6 46.
Kg3 Ra4 47. Rb3 Ra1 48. h4 Rg1+ 49. Kf4 Rf1+ 50. Rf3 Ra1 51. h5+ Kg7 52. Kg3
Rg1+ 53. Kh3 Rh1+ 54. Kg2 Ra1 55. Re3 Kh6 56. Re8 f5 57. Re6+ Kg5 58. Rg6+ Kf4
59. g5 Ra2+ 60. Kf1 Kg3 61. h6 f4 62. Rf6 f3 63. Ke1 f2+ 64. Rxf2 Rxf2 65. h7
Rh2 66. g6 Kf3 67. g7 Rxh7 68. g8=Q Re7+ 69. Kd2 Re2+ 70. Kd1 Re4 71. Qd5 Ke3
72. Qd2+ Kf3 73. Qd3+ Kf4 74. Kd2 Re6 75. Qc4+ Re4 76. Qc7+ Kf3 77. Qf7+ Rf4
78. Qh5+ Ke4 79. Qh1+ Kd4 80. Qe1 Kd5 81. Qe3 Re4 82. Qg5+ Kc4 83. Qg8+ Kd4 84.
Qd8+ Ke5 85. Kd3 Rg4 86. Qe7+ Kf5 87. Ke3 Rg3+ 88. Kf2 Rg6 89. Kf3 Re6 90. Qf7+
Ke5 91. Ke3 Rf6 92. Qe7+ Kf5 93. Qe4+ Kg5 94. Qe5+ Kg6 95. Ke4 Kf7 96. Qh5+ Ke7
97. Qh7+ Kd6 98. Qh2+ Ke6 99. Qc7 Rf8 100. Qc6+ Kf7 101. Kf5 Ke7+ 102. Ke5 Kf7
103. Qf6+ Kg8 104. Qg6+ Kh8 105. Ke6 Rf1 106. Qg3 Rf8 107. Ke7 Rg8 108. Qe5+
Kh7 109. Kf7 Rg6 110. Qf5 1-0

[Event "World Rapid 2015"]
[Site "Berlin GER"]
[Date "2015.10.12"]
[Round "13.50"]
[White "Godena, Michele"]
[Black "Gajewski, Grzegorz"]
[Result "1/2-1/2"]
[WhiteElo "2513"]
[BlackElo "2654"]
[PlyCount "126"]
[EventDate "2015.10.10"]
[EventType "rapid"]

1. e4 c5 2. c3 Nf6 3. e5 Nd5 4. Nf3 e6 5. Bc4 d6 6. d4 cxd4 7. cxd4 Be7 8. O-O
O-O 9. Qe2 b6 10. Rd1 Bb7 11. Bxd5 Bxd5 12. Nc3 Bxf3 13. Qxf3 d5 14. Qg4 f5 15.
exf6 Rxf6 16. Bf4 Nc6 17. Rac1 Qd7 18. Ne2 Raf8 19. Rc3 Bd6 20. Bxd6 Qxd6 21.
Qg3 e5 22. dxe5 Nxe5 23. Re3 Nc4 24. Qxd6 Rxd6 25. Rb3 d4 26. g3 Rfd8 27. Nf4
Kf7 28. Nd3 Rd5 29. Rb4 b5 30. a4 a6 31. axb5 axb5 32. Nf4 Rf5 33. b3 Ne5 34.
Rxb5 Nf3+ 35. Kg2 Rxb5 36. Kxf3 Rxb3+ 37. Nd3 Kf6 38. Ke4 Rb7 39. Rc1 Re8+ 40.
Kf3 Rb3 41. Rd1 g5 42. Kg4 h5+ 43. Kf3 Kf5 44. h3 g4+ 45. hxg4+ hxg4+ 46. Kg2
Rxd3 47. Rxd3 Ke4 48. Ra3 Kd5 49. f3 Kc4 50. fxg4 d3 51. Ra7 d2 52. Rd7 Kc3 53.
Kf3 Re1 54. g5 d1=Q+ 55. Rxd1 Rxd1 56. Ke4 Rg1 57. g6 Rxg3 58. Kf5 Kd4 59. Kf6
Kd5 60. g7 Kd6 61. Kf7 Rf3+ 62. Ke8 Rg3 63. Kf7 Rxg7+ 1/2-1/2

[Event "World Rapid 2015"]
[Site "Berlin GER"]
[Date "2015.10.12"]
[Round "13.51"]
[White "Dlugy, Maxim"]
[Black "Ganguly, Surya Shekhar"]
[Result "0-1"]
[WhiteElo "2518"]
[BlackElo "2652"]
[PlyCount "74"]
[EventDate "2015.10.10"]
[EventType "rapid"]

1. d4 Nf6 2. Bf4 g6 3. Nc3 d5 4. Qd2 Bg7 5. O-O-O O-O 6. f3 c5 7. dxc5 Nc6 8.
Nxd5 Nxd5 9. Qxd5 Qa5 10. Bd2 Qc7 11. Qb3 Be6 12. Qa3 a5 13. Bc3 Bxc3 14. bxc3
Qf4+ 15. Kb1 Rfd8 16. Rd3 b5 17. e3 Qe5 18. f4 Qe4 19. Nf3 b4 20. Qa4 Rab8 21.
Ka1 Bd7 22. Rxd7 Rxd7 23. Bb5 Rc7 24. Bxc6 Rxc6 25. Ne5 Rcc8 26. Qb3 e6 27.
cxb4 Rxb4 28. Qc3 Qxg2 29. Rd1 Qe2 30. Re1 Qb5 31. Nd3 Rc4 32. Qd2 Rb8 33. Qc1
Ra4 34. Nb2 Rb4 35. Nd3 Ra4 36. Nb2 Ra3 37. Nc4 Rxa2+ 0-1

[Event "World Rapid 2015"]
[Site "Berlin GER"]
[Date "2015.10.12"]
[Round "13.52"]
[White "Grigoriants, Sergey"]
[Black "Tari, Aryan"]
[Result "1-0"]
[WhiteElo "2603"]
[BlackElo "2521"]
[PlyCount "49"]
[EventDate "2015.10.10"]
[EventType "rapid"]

1. c4 e5 2. g3 c6 3. Nf3 e4 4. Nd4 d5 5. cxd5 cxd5 6. d3 Nf6 7. Nc3 Bc5 8. dxe4
Nxe4 9. Be3 O-O 10. Bg2 Nc6 11. Bxe4 Bxd4 12. Bxh7+ Kxh7 13. Bxd4 Bh3 14. Qd3+
Kg8 15. f3 Re8 16. Kf2 Qg5 17. Rad1 Rad8 18. Qd2 Qh5 19. Qf4 Bc8 20. h4 Re6 21.
Qg5 Qh7 22. Nxd5 Rg6 23. Ne7+ Nxe7 24. Qxe7 Rgd6 25. Bc5 1-0

[Event "World Rapid 2015"]
[Site "Berlin GER"]
[Date "2015.10.12"]
[Round "13.53"]
[White "Svane, Rasmus"]
[Black "Borisek, Jure"]
[Result "1/2-1/2"]
[WhiteElo "2543"]
[BlackElo "2565"]
[PlyCount "58"]
[EventDate "2015.10.10"]
[EventType "rapid"]

1. d4 Nf6 2. c4 g6 3. Nc3 d5 4. Nf3 Bg7 5. cxd5 Nxd5 6. e4 Nxc3 7. bxc3 c5 8.
Bb5+ Nc6 9. O-O cxd4 10. cxd4 O-O 11. Be3 Bg4 12. Bxc6 bxc6 13. Rc1 Qa5 14.
Rxc6 Qxa2 15. h3 Bxf3 16. Qxf3 a5 17. Rc7 a4 18. Rxe7 a3 19. e5 Qc4 20. Rc1 Qa6
21. Qd5 a2 22. Ra1 Qa3 23. Rb7 Ra5 24. Qb3 Qxb3 25. Rxb3 Rfa8 26. Kf1 h5 27.
Ke2 Rxe5 28. dxe5 Bxe5 29. Rxa2 Rxa2+ 1/2-1/2

[Event "World Rapid 2015"]
[Site "Berlin GER"]
[Date "2015.10.12"]
[Round "13.54"]
[White "Sethuraman, S.P."]
[Black "Agrest, Evgenij"]
[Result "1-0"]
[WhiteElo "2640"]
[BlackElo "2596"]
[PlyCount "106"]
[EventDate "2015.10.10"]
[EventType "rapid"]

1. e4 c6 2. d4 d5 3. Nc3 dxe4 4. Nxe4 Bf5 5. Ng3 Bg6 6. h4 h6 7. Nf3 Nd7 8. h5
Bh7 9. Bd3 Bxd3 10. Qxd3 e6 11. Bd2 Ngf6 12. O-O-O Be7 13. Kb1 Qb6 14. c4 a5
15. Ne4 Rd8 16. Nxf6+ Bxf6 17. g4 c5 18. Qa3 Qa6 19. g5 hxg5 20. Bxg5 Qxc4 21.
Qxa5 Qd5 22. Bxf6 gxf6 23. Qa3 Rxh5 24. Rhg1 Ke7 25. Ka1 b6 26. dxc5 Qxc5 27.
b4 Qc4 28. Nd4 b5 29. Rg4 Qd5 30. Qc3 Kf8 31. Rdg1 Ne5 32. Rg8+ Ke7 33. Rxd8
Kxd8 34. Rd1 Rh1 35. Rxh1 Qxh1+ 36. Kb2 Nc4+ 37. Kc2 Qe4+ 38. Qd3 Qxd3+ 39.
Kxd3 Nd6 40. Nb3 Kc7 41. Kd4 Kb6 42. Nc5 Kc6 43. f4 Nf5+ 44. Ke4 Ne7 45. a3 Nd5
46. f5 Kd6 47. Nb3 Nc3+ 48. Kd3 Nb1 49. Nd4 Nxa3 50. Kc3 Kd5 51. Kd3 Ke5 52.
Ke3 Nc4+ 53. Kd3 Nd6 1-0

[Event "World Rapid 2015"]
[Site "Berlin GER"]
[Date "2015.10.12"]
[Round "13.55"]
[White "Alekseev, Evgeny"]
[Black "Meister, Jakob"]
[Result "1-0"]
[WhiteElo "2642"]
[BlackElo "2437"]
[PlyCount "99"]
[EventDate "2015.10.10"]
[EventType "rapid"]

1. e4 c5 2. Nf3 e6 3. d4 cxd4 4. Nxd4 Nf6 5. Nc3 Bb4 6. e5 Nd5 7. Qg4 O-O 8.
Bh6 g6 9. Bxf8 Qxf8 10. Qg3 Qc5 11. Nde2 Nc6 12. O-O-O Nxc3 13. Nxc3 Qxe5 14.
Qxe5 Nxe5 15. Be2 d5 16. Nb5 Bd7 17. Nd4 Bc5 18. Rhf1 Nc6 19. Nb3 Bb6 20. Kb1
a5 21. a3 Ne7 22. Nd4 e5 23. Nb5 Bc6 24. a4 h5 25. Rd2 Kg7 26. c3 Nf5 27. Bd1
d4 28. Re1 dxc3 29. bxc3 f6 30. Bc2 Nh4 31. f3 Nf5 32. Be4 Ne3 33. Nd6 Bxa4 34.
Rb2 Bc5 35. Nxb7 Ba7 36. Nc5 Bxc5 37. Bxa8 Kh6 38. Ra2 Bb5 39. Rxa5 Bd3+ 40.
Kc1 Bb6 41. Ra2 f5 42. Kd2 Nxg2 43. Rxe5 Bc4 44. Ra4 Bf1 45. f4 Bc7 46. Bxg2
Bxg2 47. Re7 Bb8 48. Ke3 h4 49. Ra6 Bd5 50. Rb6 1-0

[Event "World Rapid 2015"]
[Site "Berlin GER"]
[Date "2015.10.12"]
[Round "13.57"]
[White "Shabalov, Alexander"]
[Black "Bologan, Viktor"]
[Result "0-1"]
[WhiteElo "2522"]
[BlackElo "2607"]
[PlyCount "74"]
[EventDate "2015.10.10"]
[EventType "rapid"]

1. Nf3 d5 2. e3 Nf6 3. b3 g6 4. Bb2 Bg7 5. g3 c5 6. Bg2 O-O 7. O-O Nc6 8. Ne5
Bd7 9. Nxd7 Qxd7 10. d3 e5 11. Nd2 Rad8 12. Qe2 Rfe8 13. Rad1 Qc7 14. a3 b5 15.
Rfe1 a6 16. Qf1 h5 17. e4 d4 18. h3 Bh6 19. Bc1 Kg7 20. Re2 h4 21. g4 Nh7 22.
Qe1 Qe7 23. Kh1 Nf8 24. Qg1 Ne6 25. Ree1 Rc8 26. Bf1 Qf6 27. Qg2 Rc7 28. Qg1
Rec8 29. Qg2 Bf4 30. Qg1 Ng5 31. Qg2 Nd8 32. Be2 Nde6 33. Rf1 a5 34. Rfe1 Ra7
35. Bf1 a4 36. Re2 axb3 37. cxb3 Bxd2 0-1

[Event "World Rapid 2015"]
[Site "Berlin GER"]
[Date "2015.10.12"]
[Round "13.58"]
[White "Stefansson, Hannes"]
[Black "Vovk, Yuri"]
[Result "0-1"]
[WhiteElo "2602"]
[BlackElo "2617"]
[PlyCount "54"]
[EventDate "2015.10.10"]
[EventType "rapid"]

1. d4 Nf6 2. c4 g6 3. Nc3 d5 4. cxd5 Nxd5 5. e4 Nxc3 6. bxc3 Bg7 7. Nf3 c5 8.
Be3 O-O 9. Qd2 Bg4 10. d5 e6 11. Be2 exd5 12. exd5 Qa5 13. Rc1 Nd7 14. O-O Rfe8
15. h3 Bxf3 16. Bxf3 Ne5 17. Be2 c4 18. Rfd1 Rad8 19. Bg5 Rd7 20. Qe3 Kf8 21.
Bh6 Bxh6 22. Qxh6+ Kg8 23. Rd4 Qxa2 24. Rh4 Qxe2 25. Qxh7+ Kf8 26. f4 Qe3+ 27.
Kh2 Nf3+ 0-1

[Event "World Rapid 2015"]
[Site "Berlin GER"]
[Date "2015.10.12"]
[Round "13.59"]
[White "Ladva, Ottomar"]
[Black "Milanovic, Danilo"]
[Result "0-1"]
[WhiteElo "2423"]
[BlackElo "2469"]
[PlyCount "118"]
[EventDate "2015.10.10"]
[EventType "rapid"]

1. d4 Nf6 2. c4 c5 3. d5 b5 4. cxb5 a6 5. bxa6 g6 6. Nc3 Bxa6 7. e4 Bxf1 8.
Kxf1 d6 9. Nf3 Bg7 10. g3 O-O 11. Kg2 Nbd7 12. Qe2 Ra5 13. a4 Qa8 14. Qc2 Nb6
15. Bd2 Rc8 16. b3 Ra6 17. Bf4 Ne8 18. Nd2 c4 19. b4 Bxc3 20. Qxc3 Nxa4 21. Qc2
c3 22. Nb3 Rc4 23. b5 Rb6 24. Nd2 Rb4 25. Nb1 R6xb5 26. Nxc3 Ra5 27. Nxa4 Raxa4
28. Rxa4 Rxa4 29. Rc1 f6 30. Qe2 h5 31. h4 Kf7 32. Qf3 Ra3 33. Be3 Ra4 34. g4
hxg4 35. Qxg4 Qxd5 36. Qxg6+ Kxg6 37. exd5 Rxh4 38. Kf3 Rb4 39. Bf4 Rd4 40.
Rg1+ Kf7 41. Rh1 Rxd5 42. Rh7+ Ke6 43. Be3 Rf5+ 44. Ke4 Rb5 45. Kd3 d5 46. Rh8
Nd6 47. Ra8 Nf5 48. Ra6+ Kf7 49. Ba7 e5 50. Rc6 Rb3+ 51. Ke2 Rb2+ 52. Kf1 Rb7
53. Bc5 Kg6 54. Ke2 Rb2+ 55. Kd3 d4 56. f4 Rb3+ 57. Ke4 Re3+ 58. Kd5 exf4 59.
Bxd4 Ne7+ 0-1

[Event "World Rapid 2015"]
[Site "Berlin GER"]
[Date "2015.10.12"]
[Round "13.60"]
[White "Naumann, Alexander"]
[Black "Hasangatin, Ramil"]
[Result "1/2-1/2"]
[WhiteElo "2545"]
[BlackElo "2509"]
[PlyCount "168"]
[EventDate "2015.10.10"]
[EventType "rapid"]

1. d4 d6 2. Nf3 Bg4 3. c4 Bxf3 4. exf3 c6 5. d5 g6 6. Nc3 Bg7 7. Be2 Nf6 8. O-O
O-O 9. Be3 Nbd7 10. f4 Qa5 11. Rb1 cxd5 12. cxd5 Rfc8 13. Qd2 a6 14. Rfc1 Qd8
15. g4 Nb6 16. g5 Nfd7 17. Ne4 Rxc1+ 18. Rxc1 Rc8 19. Rxc8 Qxc8 20. b3 Qc7 21.
h4 Nc5 22. Ng3 Ncd7 23. h5 Qc3 24. Qxc3 Bxc3 25. Bf3 Nc5 26. f5 Nbd7 27. fxg6
fxg6 28. Ne2 Bb2 29. hxg6 hxg6 30. Bg4 Ne5 31. Bc8 a5 32. Kg2 b5 33. Nd4 a4 34.
Nxb5 axb3 35. axb3 Nxb3 36. Be6+ Kf8 37. f4 Nc4 38. Bf2 Nc5 39. Bg4 Nd3 40. f5
Nce5 41. Bd1 Nxf2 42. Kxf2 gxf5 43. Nc7 Bc1 44. Bc2 Kf7 45. Bxf5 Bxg5 46. Be6+
Kf6 47. Ne8+ Kg6 48. Kg3 Bc1 49. Nc7 Bd2 50. Bh3 Ba5 51. Ne6 Kf6 52. Nd4 Bc3
53. Nf3 Nd3 54. Bc8 Be5+ 55. Kg4 Nf2+ 56. Kh5 Ne4 57. Kg4 Nf2+ 58. Kh5 Nd1 59.
Be6 Nb2 60. Nd2 Bf4 61. Nf3 Nd3 62. Kg4 Be5 63. Bc8 Nf4 64. Bb7 Ng2 65. Nd2 Bb2
66. Kf3 Nh4+ 67. Kg4 Ng6 68. Nf3 Bc1 69. Bc8 Nf4 70. Bb7 Be3 71. Bc6 Nd3 72.
Bd7 Nb4 73. Be6 Na6 74. Bd7 Nc5 75. Bc8 Kf7 76. Kf5 Ke8 77. Kg6 Kd8 78. Bf5 Ke8
79. Kg7 Bc1 80. Kg6 Bf4 81. Nd4 Be5 82. Ne6 Nxe6 83. Bxe6 Kd8 84. Kf5 Bf6
1/2-1/2

[Event "World Rapid 2015"]
[Site "Berlin GER"]
[Date "2015.10.12"]
[Round "13.61"]
[White "Handke, Florian"]
[Black "Krnan, Tomas"]
[Result "1/2-1/2"]
[WhiteElo "2531"]
[BlackElo "2440"]
[PlyCount "109"]
[EventDate "2015.10.10"]
[EventType "rapid"]

1. d4 Nf6 2. Nf3 g6 3. c4 Bg7 4. Nc3 O-O 5. e4 d6 6. Be2 e5 7. d5 a5 8. Bg5 h6
9. Bh4 Na6 10. Nd2 Bd7 11. O-O Qe8 12. b3 Nh7 13. a3 h5 14. f3 Bh6 15. Rb1 Be3+
16. Bf2 Bc5 17. Bxc5 dxc5 18. Qc2 Qe7 19. Rbe1 g5 20. Bd3 Nf6 21. Rf2 Nb8 22.
Nf1 Kh8 23. Ne3 Rg8 24. Nb5 Ne8 25. g3 b6 26. Bf1 Bxb5 27. cxb5 Nd6 28. a4 Nd7
29. Bh3 Nf6 30. Bf5 Nfe8 31. Kf1 Ng7 32. Qd1 Rae8 33. Bh3 Qf6 34. Qd3 Qh6 35.
Ree2 Rgf8 36. Ke1 Qg6 37. Kd1 g4 38. Bg2 f5 39. exf5 Ngxf5 40. Nxf5 Qxf5 41.
Qxf5 Nxf5 42. fxg4 hxg4 43. Re4 Ne3+ 44. Ke1 Nxg2+ 45. Rxg2 Rf3 46. Rxg4 Rxb3
47. Rf2 Rb1+ 48. Ke2 Rb2+ 49. Kf1 Rxf2+ 50. Kxf2 Rd8 51. Ke3 Rxd5 52. h4 Rd4
53. Re4 Rxe4+ 54. Kxe4 c4 55. g4 1/2-1/2

[Event "World Rapid 2015"]
[Site "Berlin GER"]
[Date "2015.10.12"]
[Round "13.63"]
[White "Ehlvest, Jaan"]
[Black "Choukri, Adel"]
[Result "1-0"]
[WhiteElo "2535"]
[BlackElo "2199"]
[PlyCount "77"]
[EventDate "2015.10.10"]
[EventType "rapid"]

1. Nf3 c5 2. e4 d6 3. d4 cxd4 4. Nxd4 Nf6 5. Nc3 a6 6. h3 e5 7. Nb3 Be6 8. f4
Qc7 9. g4 h6 10. Bd3 Nbd7 11. Qe2 Rc8 12. Bd2 Nc5 13. Nxc5 Qxc5 14. O-O-O Be7
15. Kb1 b5 16. Rhg1 Nd7 17. Be3 Qc6 18. f5 Bc4 19. h4 Bxh4 20. Rh1 Be7 21. g5
Bxd3 22. cxd3 Nb6 23. Rc1 Qb7 24. Bxb6 Qxb6 25. Nd5 Rxc1+ 26. Rxc1 Qb8 27. f6
gxf6 28. Qg4 Bd8 29. g6 Qb7 30. g7 Rg8 31. Rc8 Qxc8 32. Qxc8 Rxg7 33. Qc6+ Kf8
34. Qxd6+ Ke8 35. Qc6+ Kf8 36. Qc8 Rg1+ 37. Kc2 Ke8 38. Qc6+ Kf8 39. Qc5+ 1-0

[Event "World Rapid 2015"]
[Site "Berlin GER"]
[Date "2015.10.12"]
[Round "13.64"]
[White "Wagner, Dennis"]
[Black "Pavlovic, Milos"]
[Result "1-0"]
[WhiteElo "2575"]
[BlackElo "2481"]
[PlyCount "95"]
[EventDate "2015.10.10"]
[EventType "rapid"]

1. d4 Nf6 2. c4 e6 3. Nf3 b6 4. a3 c5 5. d5 Ba6 6. Qc2 exd5 7. cxd5 g6 8. Nc3
Bg7 9. Bf4 O-O 10. h4 d6 11. h5 Qe7 12. hxg6 fxg6 13. e3 Bxf1 14. Kxf1 Nbd7 15.
Ng5 Ne5 16. Kg1 c4 17. Rd1 Rac8 18. Nce4 Nxe4 19. Qxe4 Rf5 20. Nxh7 c3 21. bxc3
Rc4 22. Qb1 Ng4 23. Rh3 Rxc3 24. g3 Rxa3 25. Rc1 Ra1 26. Qc2 Rxc1+ 27. Qxc1 Qe8
28. Ng5 a5 29. e4 Rxg5 30. Bxg5 a4 31. f3 Ne5 32. Kg2 b5 33. Bh6 Bf6 34. Qc7
Nf7 35. Bc1 b4 36. Qb7 b3 37. Rh1 g5 38. Qc6 Qe5 39. Qxa4 b2 40. Be3 Qc3 41.
Bf2 Kg7 42. Qd7 Qc2 43. Qf5 b1=Q 44. Rh7+ Kf8 45. Qxf6 Qxf2+ 46. Kxf2 Qc2+ 47.
Kg1 Qd1+ 48. Kg2 1-0

[Event "World Rapid 2015"]
[Site "Berlin GER"]
[Date "2015.10.12"]
[Round "13.65"]
[White "Guliyev, Namig"]
[Black "Schneider, Ilja"]
[Result "1-0"]
[WhiteElo "2579"]
[BlackElo "2481"]
[PlyCount "111"]
[EventDate "2015.10.10"]
[EventType "rapid"]

1. e4 e5 2. Nf3 d6 3. d4 exd4 4. Nxd4 Nf6 5. Nc3 Be7 6. Be2 O-O 7. O-O Re8 8.
Re1 Bf8 9. Bf1 Nbd7 10. Bg5 c6 11. Qd2 h6 12. Bh4 Ne5 13. Rad1 Ng6 14. Bg3 Nh5
15. Nf5 Nxg3 16. Nxg3 Qf6 17. Nh5 Qh4 18. Be2 Bg4 19. Bxg4 Qxg4 20. Ng3 Rad8
21. h3 Qg5 22. Nce2 Qc5 23. Qd4 Qa5 24. Nc3 Nf4 25. Qe3 Ne6 26. Nf5 Qb6 27. b3
Qa5 28. Qg3 g6 29. Re3 Qe5 30. Red3 Qxg3 31. Nxg3 Bg7 32. Nge2 Be5 33. g3 g5
34. Kg2 b5 35. Nb1 Nc5 36. Re3 Bf6 37. Nd4 Rxe4 38. Nxc6 Rxe3 39. fxe3 Rd7 40.
Rd5 Rc7 41. Nd4 Ne6 42. c3 b4 43. c4 Be5 44. Nf5 Kh7 45. Nxd6 Bxd6 46. Rxd6 Rc5
47. Ra6 Rc7 48. Nd2 Nc5 49. Ra5 Rd7 50. Nf3 Ne4 51. Nd4 Nc3 52. Kf3 Kg6 53. g4
h5 54. Ra6+ f6 55. gxh5+ Kxh5 56. Rxf6 1-0

[Event "World Rapid 2015"]
[Site "Berlin GER"]
[Date "2015.10.12"]
[Round "13.66"]
[White "Bruedigam, Martin"]
[Black "Maze, Sebastien"]
[Result "0-1"]
[WhiteElo "2375"]
[BlackElo "2582"]
[PlyCount "58"]
[EventDate "2015.10.10"]
[EventType "rapid"]

1. e4 c5 2. Nf3 Nc6 3. Bb5 e6 4. Bxc6 bxc6 5. b3 Ne7 6. Bb2 f6 7. O-O e5 8. b4
Rb8 9. a3 d5 10. exd5 cxd5 11. Nxe5 fxe5 12. Qh5+ Ng6 13. Bxe5 Rb6 14. bxc5
Bxc5 15. Bxg7 Rg8 16. Qxh7 Ne7 17. Re1 Be6 18. Nc3 Bf7 19. Na4 Rg6 20. Nxc5
R6xg7 21. Qh4 Rxg2+ 22. Kh1 R2g4 23. Qf6 R4g6 24. Qh4 Qd6 25. Qa4+ Qc6 26.
Qxc6+ Rxc6 27. d4 Bh5 28. Re3 Rf6 29. h4 Rxf2 0-1

[Event "World Rapid 2015"]
[Site "Berlin GER"]
[Date "2015.10.12"]
[Round "13.67"]
[White "Piorun, Kacper"]
[Black "Carlstedt, Jonathan"]
[Result "0-1"]
[WhiteElo "2609"]
[BlackElo "2442"]
[PlyCount "72"]
[EventDate "2015.10.10"]
[EventType "rapid"]

1. e4 c5 2. c3 Qa5 3. Nf3 Nc6 4. Bd3 e5 5. O-O d6 6. h3 Nf6 7. Bc2 g5 8. d4 g4
9. hxg4 Bxg4 10. b4 cxb4 11. d5 b3 12. Bxb3 Ne7 13. Nbd2 Ng6 14. Nc4 Qc7 15.
Ba4+ Bd7 16. Bxd7+ Qxd7 17. Re1 Rg8 18. Ng5 Rc8 19. Na5 Nh4 20. g3 h6 21. gxh4
hxg5 22. h5 Rxc3 23. Re3 Rxe3 24. Bxe3 g4 25. Rb1 g3 26. Rxb7 gxf2+ 27. Kxf2
Ng4+ 28. Ke1 Nxe3 29. Rb8+ Ke7 30. Qf3 Nc2+ 31. Kf1 Nd4 32. Nc6+ Nxc6 33. dxc6
Qxc6 34. Qe3 Rg4 35. Qxa7+ Kf6 36. Qf2+ Rf4 0-1

[Event "World Rapid 2015"]
[Site "Berlin GER"]
[Date "2015.10.12"]
[Round "13.68"]
[White "Przybylski, Wojciech"]
[Black "Munoz Pantoja, Miguel"]
[Result "0-1"]
[WhiteElo "2354"]
[BlackElo "2441"]
[PlyCount "66"]
[EventDate "2015.10.10"]
[EventType "rapid"]

1. e4 d5 2. exd5 Qxd5 3. Nc3 Qa5 4. d4 Nf6 5. Bc4 Nc6 6. Nge2 Bg4 7. f3 Be6 8.
Bb3 Bxb3 9. cxb3 O-O-O 10. O-O e5 11. Bg5 exd4 12. Bxf6 gxf6 13. Ne4 f5 14. Ng5
Rd7 15. b4 Bxb4 16. Qd3 Be7 17. f4 Nb4 18. Qb3 d3 19. Ng3 Nc2 20. Rad1 Bxg5 21.
Rxd3 Rxd3 22. Qxd3 Qc5+ 23. Rf2 Nb4 24. Qc3 Qxc3 25. bxc3 Nd3 26. Rf3 Nxf4 27.
Nxf5 Ng6 28. g3 Rd8 29. h4 Ne5 30. Rf1 Bd2 31. Rd1 Rd7 32. Kg2 Bxc3 33. Rc1 Bd2
0-1

[Event "World Rapid 2015"]
[Site "Berlin GER"]
[Date "2015.10.12"]
[Round "13.69"]
[White "Seel, Christian"]
[Black "Breutigam, Martin"]
[Result "1-0"]
[WhiteElo "2474"]
[BlackElo "2380"]
[PlyCount "124"]
[EventDate "2015.10.10"]
[EventType "rapid"]

1. Nf3 d5 2. d4 Nf6 3. c4 c6 4. e3 Bg4 5. Nc3 e6 6. h3 Bh5 7. g4 Bg6 8. Ne5
dxc4 9. Bxc4 Nbd7 10. Nxg6 hxg6 11. e4 Bb4 12. Bd3 e5 13. a3 Ba5 14. Be3 Bb6
15. Be2 Qe7 16. dxe5 Nxe5 17. Bxb6 axb6 18. Qd4 Rd8 19. Qxb6 Nexg4 20. Rd1
Rxd1+ 21. Kxd1 Nd7 22. Qa7 Ngf6 23. Qxb7 Qd6+ 24. Kc2 O-O 25. Rd1 Qe6 26. Bg4
Nxg4 27. hxg4 Ne5 28. g5 Qg4 29. a4 Qf4 30. Qb6 Qxg5 31. a5 Nc4 32. Qxc6 Nxa5
33. Qd5 Qxd5 34. Rxd5 Nc6 35. Rc5 Nd4+ 36. Kd3 Ne6 37. Ra5 Rd8+ 38. Nd5 g5 39.
b4 Kh7 40. Ke3 Rc8 41. Ra7 Nd8 42. b5 Rb8 43. b6 Kg6 44. Rd7 Ne6 45. Rd6 Rb7
46. Nc7 Kf6 47. Nxe6 fxe6 48. Kd4 g4 49. Rc6 Rd7+ 50. Kc5 Ke5 51. Rc7 Rd2 52.
b7 Rc2+ 53. Kb6 Rb2+ 54. Kc6 Kxe4 55. Rxg7 Kf3 56. Rf7+ Ke2 57. Rf4 e5 58. Rxg4
Kf3 59. Rg8 Kxf2 60. Re8 Rc2+ 61. Kd5 Rd2+ 62. Ke4 Re2+ 1-0

[Event "World Rapid 2015"]
[Site "Berlin GER"]
[Date "2015.10.12"]
[Round "13.70"]
[White "Berend, Elvira"]
[Black "Rasmussen, Allan Stig"]
[Result "0-1"]
[WhiteElo "2370"]
[BlackElo "2498"]
[PlyCount "87"]
[EventDate "2015.10.10"]
[EventType "rapid"]

1. d4 Nf6 2. c4 c5 3. d5 b5 4. cxb5 a6 5. b6 d6 6. Nc3 Nbd7 7. e4 g6 8. Nf3 Bg7
9. Be2 O-O 10. O-O Rb8 11. Qc2 Qxb6 12. h3 Ne8 13. Nd2 Qa7 14. Nc4 Ne5 15. Ne3
Nc7 16. a4 Rb4 17. f4 Nd7 18. Nc4 Nf6 19. Bd2 Bd7 20. Nd1 Rbb8 21. Nde3 e6 22.
dxe6 Nxe6 23. Qd3 Nd4 24. Bd1 Bc6 25. Nxd6 Rfd8 26. e5 Ne4 27. Nec4 Nxd6 28.
exd6 Bd5 29. Kh1 Qa8 30. Ne3 Be4 31. Qc4 Rxb2 32. Ra2 Bd3 33. Qxd3 Rxa2 34. Nc4
Qb8 35. Ba5 Rd7 36. Bg4 Qb7 37. Rg1 f5 38. Bd1 Kf8 39. Bc7 Rxc7 40. dxc7 Qxc7
41. Bf3 Qxf4 42. Bd5 Ne2 43. g3 Qd4 44. Qf3 0-1

[Event "World Rapid 2015"]
[Site "Berlin GER"]
[Date "2015.10.12"]
[Round "13.71"]
[White "Petursson, Margeir"]
[Black "Carow, Johannes"]
[Result "0-1"]
[WhiteElo "2520"]
[BlackElo "2431"]
[PlyCount "94"]
[EventDate "2015.10.10"]
[EventType "rapid"]

1. c4 c5 2. Nf3 b6 3. Nc3 Bb7 4. e4 d6 5. d4 cxd4 6. Nxd4 Nf6 7. Bd3 e6 8. O-O
Be7 9. Qa4+ Qd7 10. Qc2 O-O 11. Bg5 a6 12. Rad1 Qc7 13. Kh1 Nbd7 14. f4 Nc5 15.
f5 e5 16. Nde2 Rfc8 17. b3 h6 18. Bxf6 Bxf6 19. Ng3 b5 20. Be2 Nd7 21. Qd2 Nb6
22. Qxd6 bxc4 23. b4 Qxd6 24. Rxd6 Rc6 25. Rfd1 Be7 26. Rxc6 Bxc6 27. a3 a5 28.
b5 Bb7 29. a4 Bb4 30. Na2 c3 31. Kg1 Nxa4 32. Rd7 Nc5 33. Rc7 Rc8 34. Rxc8+
Bxc8 35. Kf2 c2 36. Bc4 Ba3 37. Ne2 Nxe4+ 38. Ke3 Bxf5 39. g4 Bc5+ 40. Kd3 Nf2+
41. Kd2 Nxg4 42. Bd3 Be6 43. Nac1 Nxh2 44. Bxc2 f5 45. Nd3 Nf3+ 46. Kc3 Bb6 47.
Nb2 Nd4 0-1

[Event "World Rapid 2015"]
[Site "Berlin GER"]
[Date "2015.10.12"]
[Round "13.72"]
[White "Gutov, Andrey"]
[Black "Ben Artzi, Ido"]
[Result "1/2-1/2"]
[WhiteElo "2384"]
[BlackElo "2419"]
[PlyCount "91"]
[EventDate "2015.10.10"]
[EventType "rapid"]

1. d4 Nf6 2. c4 g6 3. Nc3 d5 4. Bf4 Bg7 5. e3 O-O 6. cxd5 Nxd5 7. Nxd5 Qxd5 8.
Bxc7 Na6 9. Bxa6 Qxg2 10. Qf3 Qxf3 11. Nxf3 bxa6 12. Rc1 f6 13. Rg1 Rf7 14. Ke2
Bb7 15. Rc2 Be4 16. Rc3 e5 17. Ba5 Bxf3+ 18. Kxf3 exd4 19. exd4 f5 20. Rd1 Rd7
21. Rc6 Rxd4 22. Rxd4 Bxd4 23. Bc3 Bb6 24. b4 Rd8 25. a4 Rd7 26. Be5 a5 27.
bxa5 Bxa5 28. Ra6 Bb6 29. a5 Bc5 30. Rc6 Rd5 31. Bb8 Bf8 32. a6 Rc5 33. Re6 Kf7
34. Re2 Ra5 35. Bxa7 Rxa6 36. Bd4 Ra4 37. Be5 g5 38. h3 h5 39. Kg2 Re4 40. Rxe4
fxe4 41. f3 Ke6 42. Bc7 Kf5 43. fxe4+ Kxe4 44. Bd8 Kf4 45. Bxg5+ Kxg5 46. h4+
1/2-1/2